000 004350000a22001810004500
003 MACL
005 20160119135826.0
008 160119b xxu||||| |||| 00| 0 eng d
040 _aMACL
_cMACL
041 _aEnglish
082 _a001/MAI
100 _aKumar, Manoj
_933210
245 _aGeneral Knowlledge Quiz
260 _bKumar Publishers
_aNew Delhi
350 _a50
650 _aGenelities
_933211
942 _cBK
_k001/Kum
_2ddc
999 _c32538
_d32538